Statistics for Regions of Italy in Italiano

Click here to take the quiz!

General Stats

  • This quiz has been taken 638 times
  • The average score is 15 of 20

Answers on the Map

Answers color-coded by a green-red scale on the quiz's map according to % correct below.
 

Answer Stats

Answer% Correct
Sardegna
93%
Sicilia
92%
Lazio
84%
Tuscany
80%
Emilia-Romagna
78%
Calabria
76%
Piemonte
76%
Lombardia
75%
Campania
73%
Puglia
73%
Trentino-Alto Adige
73%
Friuli-Venezia Giulia
72%
Valle D'aosta
72%
Liguria
71%
Veneto
71%
Umbria
65%
Basilicata
64%
Molise
57%
Marche
56%
Abruzzo
53%

Score Distribution

Percentile by Number Answered

Percent of People with Each Score

Your Score History

You have not taken this quiz